000 00845nmm a2200265 a 4500
001 ocm000576769
003 TR-IsHL
005 20201028120107.0
008 130625s2008 tu tur
007 cr cn
020 _a9789944257701
035 _a576769
_b(N$T)
050 0 4 _aBP75.27
_bG87 2008
090 0 4 _aBP75.27
_bG87 2008
100 1 _aGürbüz, Ahmet
245 1 0 _aHz. Muhammed (s.a.v) ile bir saat konuşmak
_h[electronic resource] /
_cAhmet Gürbüz
250 _a1. bs.
260 _aİstanbul :
_bAkis Kitap,
_c2008
300 _a160 p.
650 4 _aFelsefe, Psikoloji ve Din
650 4 _aPhilosophy, Psychology and Religion
650 0 _aHz. Muhammed, 571-632
650 7 _aRELIGION / Islam / History
_2bisacsh
856 4 0 _uhttp://search.ebscohost.com/login.aspx?direct=true&scope=site&db=e011xww&AN=576769
999 _c599
_d599